Detalles MARC
| 000 -LEADER |
| fixed length control field |
01693nam a2200229Ia 4500 |
| 003 - CONTROL NUMBER IDENTIFIER |
| control field |
OSt |
| 005 - DATE AND TIME OF LATEST TRANSACTION |
| control field |
20211015145308.0 |
| 008 - FIXED-LENGTH DATA ELEMENTS--GENERAL INFORMATION |
| fixed length control field |
210310s2005 ck ado gr 000 0 spa d |
| 040 ## - CATALOGING SOURCE |
| Original cataloging agency |
CO-JMCR |
| Transcribing agency |
CO-JMCR |
| 041 0# - LANGUAGE CODE |
| Language code of text/sound track or separate title |
spa |
| 082 04 - DEWEY DECIMAL CLASSIFICATION NUMBER |
| Classification number |
338.17373 / |
| Item number |
A798c |
| Edition number |
23 |
| 111 2# - MAIN ENTRY--MEETING NAME |
| Meeting name or jurisdiction name as entry element |
Asamblea ( |
| Number of part/section/meeting |
68o. : |
| Date of meeting or treaty signing |
2005 : |
| Location of meeting |
Bogotá ) |
| 9 (RLIN) |
41191 |
| 245 10 - TITLE STATEMENT |
| Title |
Café colombiano : |
| Statement of responsibility, etc. |
un socio confiable / |
| Remainder of title |
LXVIII Asamblea Anual de Exportadores de Café |
| 260 ## - PUBLICATION, DISTRIBUTION, ETC. |
| Place of publication, distribution, etc. |
Bogotá : |
| Name of publisher, distributor, etc. |
Asociación Nocional de Exportadores de Café, |
| Date of publication, distribution, etc. |
2005. |
| 300 ## - PHYSICAL DESCRIPTION |
| Extent |
165 páginas : |
| Other physical details |
ilustraciones, gráficas y fotografías en blanco y negro ; |
| Dimensions |
23 cm. |
| 500 ## - GENERAL NOTE |
| General note |
Memoria LXVIII Asamblea Anual de los Exportadores de Café |
| 505 0# - FORMATTED CONTENTS NOTE |
| Title |
¿Cómo hacer sostenible el quehacer cafetero?. / |
| Statement of responsibility |
Ramón H. Vargas Hernández. -- |
| Title |
El fortalecimiento de la industria según Estados Unidos. / |
| Statement of responsibility |
Robert Nelson. -- |
| Title |
Caficultura sostenible con fortalecimiento del tejido social. / |
| Statement of responsibility |
Edgar Echeverri Gómez. -- |
| Title |
Existencias en los países productores y consumidores. / |
| Statement of responsibility |
Neil Rosser. -- |
| Title |
Los fondos de cobertura, de lleno en el café. / |
| Statement of responsibility |
Michael J. Nugent. -- |
| Title |
La meta, preservar el origen: Café de Colombia. / |
| Statement of responsibility |
Andrés Valencia. -- |
| Title |
Valor agregado, cadena promisoria. / |
| Statement of responsibility |
Eduardo Lehmann. -- |
| Title |
la calidad, primero que todo. / |
| Statement of responsibility |
Margareth Swallow. -- |
| Title |
El gobierno, solidario con los cafeteros. / |
| Statement of responsibility |
Gloria Inés Cortés Arango. -- |
| Title |
La institucionalidad cafetera, fortaleza del país. / |
| Statement of responsibility |
Gabriel Silva Luján. -- |
| Title |
El negocio cafetero se renueva y fortalece. / |
| Statement of responsibility |
Jorge Enrique Lozano Mancera. |
| 650 14 - SUBJECT ADDED ENTRY--TOPICAL TERM |
| Topical term or geographic name entry element |
Industria cafetera |
| 9 (RLIN) |
41192 |
| 650 24 - SUBJECT ADDED ENTRY--TOPICAL TERM |
| Topical term or geographic name entry element |
Valor agregado |
| General subdivision |
Café |
| 9 (RLIN) |
41193 |
| 650 24 - SUBJECT ADDED ENTRY--TOPICAL TERM |
| Topical term or geographic name entry element |
Negocio cafetero |
| 9 (RLIN) |
41194 |
| 942 ## - ADDED ENTRY ELEMENTS (KOHA) |
| Source of classification or shelving scheme |
Dewey Decimal Classification |
| Koha item type |
Books |